• 首页
  • 本馆介绍
  • 公告通知
  • 最新文献
  • 馆藏检索
  • 电子资源
  • 读者导购
  • 参考咨询
  • 我的图书馆
  • 登录
  • 详细信息显示
  • 放入我的书架
  • 预约/预借图书
  • 作者相关作品
  • 分类相关作品
  • 丛书相关作品
  • 出版社相关作品

书目信息

  • 表格格式
  • 工作单格式
  • 卡片格式
题名:
经典湘菜
    
 
作者: 黄自强 编著
分册:   蒸
出版信息: 湖南   湖南科学技术出版社  2009.03
页数: 95页
开本: 23cm
丛书名: 中国湘菜
单 册:
中图分类: TS972.182.64 , TS972.18
科图分类:
主题词: 菜谱--湖南
电子资源:
ISBN: 978-7-5357-4769-3
000 00801oam2 2200253 450
001 2338965395
005 20231224105023.11
010    @a978-7-5357-4769-3@d17.80CNY
100    @a20070318d2009 em y0chiy0120 ea
101 0  @achi
102    @aCN@b430000
105    @aa z 000yy
200 1  @a经典湘菜@Ajing dian xiang cai@i蒸@f黄自强编著
210    @a湖南@c湖南科学技术出版社@d2009.03
215    @a95页@c彩图@d23cm
225 2  @a中国湘菜
330    @a本书介绍了60道家常蒸菜,包括清蒸、扣蒸、干蒸、辣酱蒸、造型蒸等几种蒸法做出的菜肴的主料、配料、调料、制作方法及要点。
410  0 @1001003451770
606 0  @a菜谱@y湖南
690    @aTS972.182.64@v5
690    @aTS972.18@v4
701  0 @a黄自强@Ahuang zi qiang@c(烹饪)@4编著
801  2 @aCN@b辽宁北配@c20231205
905    @aBZT@dTS972.18@e22:1
    
    经典湘菜.蒸/黄自强编著.-湖南:湖南科学技术出版社,2009.03
    95页:彩图;23cm.-(中国湘菜)
    
    
    ISBN 978-7-5357-4769-3:17.80CNY
    本书介绍了60道家常蒸菜,包括清蒸、扣蒸、干蒸、辣酱蒸、造型蒸等几种蒸法做出的菜肴的主料、配料、调料、制作方法及要点。
●
相关链接 在五车中查询图书 在当当中查询图书 在豆瓣中查询图书


正题名:经典湘菜     索取号:TS972.18/22:1         预约/预借

序号 登录号 条形码 馆藏地/架位号 状态 备注
1 2001697616   2001697616   辽三/辽宁北配(第三批)/3878/ [索取号:TS972.18/22:1] 在馆    
2 2001697617   2001697617   辽三/辽宁北配(第三批)/3878/ [索取号:TS972.18/22:1] 在馆    
3 2001697618   2001697618   辽三/辽宁北配(第三批)/3878/ [索取号:TS972.18/22:1] 在馆    
4 2001697619   2001697619   辽三/辽宁北配(第三批)/3878/ [索取号:TS972.18/22:1] 在馆    
5 2001697620   2001697620   辽三/辽宁北配(第三批)/3878/ [索取号:TS972.18/22:1] 在馆    
6 2001697621   2001697621   辽三/辽宁北配(第三批)/3878/ [索取号:TS972.18/22:1] 在馆    
7 2001697622   2001697622   辽三/辽宁北配(第三批)/3878/ [索取号:TS972.18/22:1] 在馆    
8 2001697623   2001697623   辽三/辽宁北配(第三批)/3878/ [索取号:TS972.18/22:1] 在馆    
9 2001697624   2001697624   辽三/辽宁北配(第三批)/3878/ [索取号:TS972.18/22:1] 在馆    
10 2001697625   2001697625   辽三/辽宁北配(第三批)/3878/ [索取号:TS972.18/22:1] 在馆    
11 2001697626   2001697626   辽三/辽宁北配(第三批)/3878/ [索取号:TS972.18/22:1] 在馆    
12 2001697627   2001697627   辽三/辽宁北配(第三批)/3878/ [索取号:TS972.18/22:1] 在馆    
13 2001697628   2001697628   辽三/辽宁北配(第三批)/3878/ [索取号:TS972.18/22:1] 在馆    
14 2001697629   2001697629   辽三/辽宁北配(第三批)/3879/ [索取号:TS972.18/22:1] 在馆    
15 2001697630   2001697630   辽三/辽宁北配(第三批)/3879/ [索取号:TS972.18/22:1] 在馆    
16 2001697631   2001697631   辽三/辽宁北配(第三批)/3879/ [索取号:TS972.18/22:1] 在馆    
17 2001697632   2001697632   辽三/辽宁北配(第三批)/3879/ [索取号:TS972.18/22:1] 在馆    
18 2001697633   2001697633   辽三/辽宁北配(第三批)/3879/ [索取号:TS972.18/22:1] 在馆    
19 2001697634   2001697634   辽三/辽宁北配(第三批)/3879/ [索取号:TS972.18/22:1] 在馆    
20 2001697635   2001697635   辽三/辽宁北配(第三批)/3879/ [索取号:TS972.18/22:1] 在馆    
21 2001697636   2001697636   辽三/辽宁北配(第三批)/3879/ [索取号:TS972.18/22:1] 在馆    
22 2001697637   2001697637   辽三/辽宁北配(第三批)/3879/ [索取号:TS972.18/22:1] 在馆    
23 2001697638   2001697638   辽三/辽宁北配(第三批)/3879/ [索取号:TS972.18/22:1] 在馆    
24 2001697639   2001697639   辽三/辽宁北配(第三批)/3879/ [索取号:TS972.18/22:1] 在馆    
25 2001697640   2001697640   辽三/辽宁北配(第三批)/3879/ [索取号:TS972.18/22:1] 在馆    
26 2001697641   2001697641   辽三/辽宁北配(第三批)/3879/ [索取号:TS972.18/22:1] 在馆    
27 2001697642   2001697642   辽三/辽宁北配(第三批)/3879/ [索取号:TS972.18/22:1] 在馆    
28 2001697643   2001697643   辽三/辽宁北配(第三批)/3879/ [索取号:TS972.18/22:1] 在馆    
29 2001697644   2001697644   辽三/辽宁北配(第三批)/3879/ [索取号:TS972.18/22:1] 在馆    
30 2001697645   2001697645   辽三/辽宁北配(第三批)/3879/ [索取号:TS972.18/22:1] 在馆    
山东省滨州职业学院图书馆 欢迎您!
大连网信软件有限公司© 版权所有